000 00557nam a2200241Ia 4500
003 OSt
005 20221006151823.0
006 a|||||r|||| 00| 0
007 ta
008 221006b |||||||| |||| 00| 0 eng d
020 _c329.34
024 _a23,508
037 _cTextual
040 _aEASL
_cEASL
_beng
041 _2eng
_aeng
100 _aWOLF Margery
_9135758
245 0 _aRevolution postponed
260 _aStanford
_c1985
300 _a285p.
_ccm.
490 _v CEL
942 _cTEXL
_2CC
999 _c1091594
_d1091594